00875nam a2200241Ia 4500003000400000005001700004008004100021020001500062040001800077041000800095082002000103100002800123245008400151250001200235260005100247300003100298650005200329650004000381650003300421942002700454999001900481952013300500OSt20250929101539.0210716s2004 xx 000 0 und d a8126505184 cAIMIT LIBRARY aeng a005.7525 bFEDH aFeddema, Helen.9240370 aExpert one on one microsoft access application development /cBy Helen Feddema. a1st ed. aNew Delhi :bWiley Dreamtech Pvt Ltd ,c2004. axv,594,8 p.;bPBc24.5 cm. aSorting and Filtering data with queries9240371 aWriting vba code in modules9240372 aWorking with outlook9240373 2ddccBKk005.7525 FEDH c186948d186948 001040708MCAaAIMITbAIMITePremier Bookshopg399.00l0o005.7525 FEDHpMCA06456r2026-05-23 00:00:00v319.20w2021-07-16yBK